00651nam a22002297a 450000500170000001000130001702000210003003500130005103700160006404000120008008200160009210000160010824500640012425000120018826000430020027000510024330000240029449000210031850000410033965000240038065000170040420170124110037.0 aB-118625 c80.00a817581165 aB-118625 bCen Lib/Ret aDPLbEN a881.08bLAL aLall, Ramji aThomas gray :cby Ramji Lallban evaluation of his poetry / a19th ed aNew Delhi bRama Brothers India c2006 bNew Delhi ajJanak Palaza, Karol Bagh,e110005 aix, 180p.c20cm(Hb) aStudies in poets aIncludes bibliographical references  aEnglish Literature  aBiographies